000 00642nam a2200205Ia 4500
008 151119s9999||||xx |||||||||||||| ||und||
082 _a891.463
082 _bGKKV12565
100 _a"पाठक, सुरेश"
245 _aअस्त अस्मितेचा
260 _aडोंबिवली
260 _bअश्वमेध प्रकाशन
260 _c1995
300 _a255p.
600 _a"पाठक, सुरेश"
630 _aअस्त अस्मितेचा
700 _a"पाठक, सुरेश"
730 _aअस्त अस्मितेचा
942 _cBOOK
999 _c1066406
_d1066403